Ciencia, ética y sociedad /
Como el propio Pérez Tamayo expresa, se trata de un texto alrededor de los temas centrales de la filosofía de la ciencia, es decir, el método, la experimentación, los límites de la ciencia, entre otros.
Enregistré dans:
| Auteur principal: | |
|---|---|
| Format: | Livre |
| Langue: | espagnol |
| Publié: |
México :
El Colegio Nacional,
1991, c1991
|
| Sujets: | |
| Tags: |
Pas de tags, Soyez le premier à ajouter un tag!
|
MARC
| LEADER | 00000nam^a2200000^a^4500 | ||
|---|---|---|---|
| 001 | 000108050 | ||
| 005 | 20250616151317.0 | ||
| 009 | 20260310093631.64 | ||
| 020 | |a 968-6664-42-3 | ||
| 037 | |a Acervo ITESO - Biblioteca | ||
| 041 | |a ESP | ||
| 082 | |a 121. |b PER | ||
| 100 | |a Pérez Tamayo, Ruy |e (autor) | ||
| 240 | 1 | 1 | |a [Ciencia, ética y sociedad] |
| 245 | 1 | 0 | |a Ciencia, ética y sociedad / |c R. Pérez Tamayo. |
| 264 | 4 | |a México : |b El Colegio Nacional, |c 1991, c1991 | |
| 300 | |a 143 p. | ||
| 336 | |a texto |b txt |2 rdacontenido | ||
| 337 | |a sin mediación |b n |2 rdamedio | ||
| 338 | |a volumen |b nc |2 rdasoporte | ||
| 520 | |a Como el propio Pérez Tamayo expresa, se trata de un texto alrededor de los temas centrales de la filosofía de la ciencia, es decir, el método, la experimentación, los límites de la ciencia, entre otros. | ||
| 649 | |a XX | ||
| 650 | |a Método Científico | ||
| 650 | |a Etica Científica | ||
| 650 | |a Epistemología - |x Tema Principal | ||
| 650 | |a Sociología de la Ciencia | ||
| 650 | |a Ciencia - |x Metodología | ||
| 650 | |a Ciencia - |x Experimentos | ||
| 910 | |a Fondo General | ||
| 920 | |a Impresos - Libros | ||
| 930 | |a Colección General | ||
| 905 | |a 101 | ||
| 901 | |a 0500044481 |b IT1 |c ACC |u 20250521 | ||
| 902 | |a https://opac.biblio.iteso.mx/vufind/Record/000108050 | ||